000 01584cam a22002894a 4500
001 14062921
005 20161013020002.0
008 050803s2006 njua 000 0 eng
010 _a 2005022470
020 _a0131482084
040 _aDLC
_cDLC
_dDLC
042 _apcc
050 0 0 _aHD30.28
_b.S265 2006
082 0 0 _a658.4/012
_222
100 1 _aSanford, Linda S.
245 1 0 _aLet go to grow :
_bescaping the commodity trap /
_cLinda S. Sanford with Dave Taylor.
260 _aUpper Saddle River, NJ :
_bPrentice Hall Professional Technical Reference,
_cc2006.
300 _axx, 202 p. :
_bill. ;
_c24 cm.
505 0 _aGrow to build profits, not just revenues -- Commodity markets defined -- It's all about components -- Creating business components -- Integrate your business components end to end -- Expand your growth space -- Liberate your cost structures -- From vision to results : the leadership agenda -- Achieving measurable productivity improvements -- Practical implementation of the component business model -- Gaining the collaborative edge : building the creative comany for the creative economy.
650 0 _aStrategic planning.
650 0 _aBusiness planning.
700 1 _aTaylor, Dave,
_d1962-
856 4 1 _3Table of contents
_uhttp://www.loc.gov/catdir/toc/ecip0517/2005022470.html
906 _a7
_bcbc
_corignew
_d1
_eecip
_f20
_gy-gencatlg
942 _2lcc
_cBOOKS
_hHD 30.28 .S265 2006
_01
999 _c12747
_d12747